| 000 | 00549nam a2200181 4500 | ||
|---|---|---|---|
| 001 | 120616 | ||
| 003 | ES-MaACL | ||
| 005 | 20230906191603.0 | ||
| 007 | t| | ||
| 008 | 070214s1978 mx r ||||1| spa d | ||
| 100 | 1 |
_aPozas, Ricardo. _993530 |
|
| 245 | 1 | 4 |
_aLos indios en las clases sociales de México / _cpor Ricardo Pozas e Isabel H. de Pozas. |
| 250 | _a7ª ed. | ||
| 260 |
_aMéxico [etc.] : _bSiglo Veintiuno, _c1978. |
||
| 300 |
_aVIII, 181 p. ; _c18 cm. |
||
| 852 |
_aES-MaACL _jA-9355 _bR.989975 |
||
| 852 |
_aES-MaACL _jA-9860 _bR.99008 |
||
| 999 |
_c120616 _d120616 |
||